Iyengar's commentary on the copyright act / (Record no. 150031)
[ view plain ]
| 000 -LEADER | |
|---|---|
| fixed length control field | 00943nam a22002417a 4500 |
| 005 - DATE AND TIME OF LATEST TRANSACTION | |
| control field | 20180219120004.0 |
| 010 ## - LCCN (DPL NO) | |
| LC control number | B-689588 |
| 020 ## - INTERNATIONAL STANDARD BOOK NUMBER | |
| Terms of availability | 1995.00 |
| International Standard Book Number | 9789350357330 |
| 035 ## - SYSTEM CONTROL NUMBER | |
| System control number | B-689588 |
| 037 ## - SOURCE OF ACQUISITION | |
| Stock number | dpl |
| Source of stock number/acquisition | KKP |
| 082 ## - DEWEY DECIMAL CLASSIFICATION NUMBER | |
| Classification number | 346.540482 |
| 100 ## - MAIN ENTRY--PERSONAL NAME | |
| Personal name | Iyengar, T.R. Srinivasa |
| 245 ## - TITLE STATEMENT | |
| Title | Iyengar's commentary on the copyright act / |
| Statement of responsibility, etc | by T.R. Srinivasa Iyengar; revised by H.K. Saharay |
| 250 ## - EDITION STATEMENT | |
| Edition statement | 9th ed |
| 260 ## - PUBLICATION, DISTRIBUTION, ETC. (IMPRINT) | |
| Place of publication, distribution, etc | Delhi |
| Name of publisher, distributor, etc | Universal Law Publishing |
| Date of publication, distribution, etc | 2016 |
| 270 ## - ADDRESS | |
| Address | LexisNexis, 14th Floor, Building No.10, DLF Cyber City, Phase-II |
| City | Gurgaon |
| Postal code | 122002 |
| 300 ## - PHYSICAL DESCRIPTION | |
| Extent | lxxxiv,1358p. |
| Dimensions | 25cm(Hb) |
| 500 ## - GENERAL NOTE | |
| General note | Includes index |
| 505 ## - FORMATTED CONTENTS NOTE | |
| Formatted contents note | (Rashtrapati Bhawan) |
| 700 ## - ADDED ENTRY--PERSONAL NAME | |
| Personal name | Saharay, H.K. |
| 942 ## - ADDED ENTRY ELEMENTS (KOHA) | |
| Source of classification or shelving scheme | Dewey Decimal Classification |
| Item type | English Books |
| Call number suffix | IYE |
| Classification part | 346.540482 |
| Withdrawn status | Lost status | Not for loan | Collection code | Home library | Current library | Date acquired | Source of acquisition | Cost, normal purchase price | Full call number | Barcode | Copy number | Cost, replacement price | Koha item type |
|---|---|---|---|---|---|---|---|---|---|---|---|---|---|
| Non-fiction | Mobile Library | Mobile Library | 19/02/2018 | KKP/BL-61/14.2.2018/EN/SPL/2017-18/769/10.2.2018/16.2.2018 | 1995.00 | 346.540482 IYE | B-689588 | 1 | 1995.00 | English Books |
